Cuerpos disidentes y sus cartografías de protesta /

Guardado en:
Detalles Bibliográficos
Autor principal: Rodríguez Domínguez, Emanuel (autor)
Otros autores: López Sánchez, Ericka (autor) (autor)
Formato: Libro
Idioma:Español
Publicado: México : Gedisa : UNAM, Facultad de Ciencias Políticas y Sociales, 2022, c2022
Colección:(360° Claves Contemporáneas)
Temas:
Etiquetas: Agrega una etiqueta
Sin etiquetas, Sé el primero en etiquetar este registro!

MARC

LEADER 00000nam^a2200000^a^4500
001 000453018
005 20250521000000.0
009 20260310123850.205
020 |a 978-607-8231-80-5 
020 |a 978-607-30-5680-9 
037 |a Acervo ITESO - Biblioteca 
041 |a ESP 
082 |a 305. 31420972  |b ROD 
100 |a Rodríguez Domínguez, Emanuel  |e (autor) 
245 1 0 |a Cuerpos disidentes y sus cartografías de protesta /  |c E. Rodríguez Domínguez, E. López Sánchez. 
264 4 |a México :  |b Gedisa :  |b UNAM, Facultad de Ciencias Políticas y Sociales,  |c 2022, c2022 
300 |a 348 p. 
336 |a texto  |b txt  |2 rdacontenido 
337 |a sin mediación  |b n  |2 rdamedio 
338 |a volumen  |b nc  |2 rdasoporte 
440 1 |a (360° Claves Contemporáneas) 
649 |a XX 
650 |a Cuerpo Humano -  |x Aspectos Sociales y Culturales 
650 |a Mítines y Marchas -  |z México 
650 |a Movimientos de Homosexuales -  |z México -  |x Tema Principal 
650 |a Movimientos Sociales -  |z México 
650 |a Identidad de Género 
650 |a Travestismo 
650 |a Transexualismo 
650 |a Homosexualidad 
650 |a Sexualidad 
650 |a Antropología Cultural 
650 |a Sociología 
700 |a López Sánchez, Ericka  |e (autor) 
910 |a Fondo General 
920 |a Impresos - Libros 
930 |a Colección General 
905 |a 101 
901 |a 0500368533  |b IT1  |c ACC  |i C179524  |u 20250521 
902 |a https://opac.biblio.iteso.mx/vufind/Record/000453018